[Event "AUTO-OPEN-3804"]
[Site "http://www.queenalice.com/game.php?id=1478979"]
[Date "2017.5.20"]
[Round "1"]
[White "josedesouza"]
[Black "yasseryack"]
[Result "0-1"]
[WhiteElo "1805"]
[BlackElo "1894"]

1. d4 d6 2. Nf3 c6 3. e3 Nf6 4. Nbd2 g6 5. c3 Bg7 6. Be2 Nbd7 7. O-O e5 8. dxe5
dxe5 9. a3 e4 10. Nd4 O-O 11. b4 Re8 12. Bb2 Nd5 13. Qc2 c5 14. bxc5 Nxc5 15. g3
Be5 16. a4 Bh3 17. Rfe1 Qg5 18. Nxe4 Nxe4 19. Qxe4 Bxg3 20. Qf3 Be5+ 21. Kh1
Bxd4 22. exd4 Nf4 23. Rg1 Qh4 24. Bc4 Rac8 25. Bb5 Re7 26. Bf1 Bxf1 27. Raxf1
Rce8 28. Rg4 Qh3 29. Qd1 Ne2 30. Rg5 Qf3+ 31. Rg2 Re4 32. Qa1 Rg4 33. Rg1 Nxg1
0-1

[Event "AUTO-OPEN-3804"]
[Site "http://www.queenalice.com/game.php?id=1479002"]
[Date "2017.5.20"]
[Round "1"]
[White "Magro_de_Riga"]
[Black "josedesouza"]
[Result "1-0"]
[WhiteElo "1715"]
[BlackElo "1748"]

1. e4 e5 2. Nf3 d6 3. d4 Nf6 4. dxe5 Ng8 5. Nc3 Be6 6. Ng5 Qd7 7. Nxe6 fxe6 8.
Bf4 Nc6 9. Bb5 a6 10. Bxc6 Qxc6 11. exd6 cxd6 12. O-O Nf6 13. Re1 e5 14. Bg3
O-O-O 15. Bh4 Be7 16. Bxf6 gxf6 17. Nd5 Rde8 18. c3 Kb8 19. Qd3 Qa4 20. Nxe7 Qd7
21. Nf5 Rhg8 22. Qxd6+ Qxd6 23. Nxd6 Re7 24. Rad1 Reg7 25. g3 h6 26. Nf5 Rh7 27.
Rd6 Ka7 28. Rxf6 1-0

[Event "AUTO-OPEN-3804"]
[Site "http://www.queenalice.com/game.php?id=1479003"]
[Date "2017.5.20"]
[Round "1"]
[White "josedesouza"]
[Black "Magro_de_Riga"]
[Result "1-0"]
[WhiteElo "1808"]
[BlackElo "1900"]

1. d4 e6 2. Nf3 b6 3. e3 Bb7 4. Be2 Nf6 5. Nbd2 c5 6. c3 d6 7. O-O Be7 8. Bb5+
Bc6 9. Be2 O-O 10. a3 b5 11. b4 c4 12. Bb2 Re8 13. Re1 a5 14. Qc2 d5 15. Ne5 Bb7
16. Ndf3 Nbd7 17. Ng5 Nxe5 18. dxe5 1-0

[Event "AUTO-OPEN-3804"]
[Site "http://www.queenalice.com/game.php?id=1479018"]
[Date "2017.5.20"]
[Round "1"]
[White "josedesouza"]
[Black "Voltaiko"]
[Result "1-0"]
[WhiteElo "1832"]
[BlackElo "2115"]

1. d4 Nf6 2. Nd2 e5 3. dxe5 Ng4 4. Ngf3 Nc6 5. Nc4 Bc5 6. e3 Qe7 7. c3 Ngxe5 8.
a3 d6 9. Be2 Be6 10. Ncd2 a5 11. O-O O-O 12. Re1 Rad8 13. b4 axb4 14. cxb4 Bb6
15. b5 Na5 16. Qc2 f5 17. Bb2 Ng4 18. g3 Bd7 19. a4 f4 20. Bc4+ Nxc4 21. Qxc4+
Be6 22. Bxg7 Bxc4 23. Bd4 fxe3 24. Bxe3 Nxe3 25. Nxc4 Rxf3 26. Ra2 Bc5 27. Nxe3
Rxe3 28. fxe3 Bxe3+ 29. Kg2 Qe4+ 30. Kh3 Qe6+ 31. g4 h5 32. Rg2 1-0

[Event "AUTO-OPEN-3804"]
[Site "http://www.queenalice.com/game.php?id=1479019"]
[Date "2017.5.20"]
[Round "1"]
[White "Voltaiko"]
[Black "josedesouza"]
[Result "1-0"]
[WhiteElo "2086"]
[BlackElo "1828"]

1. Nc3 d5 2. Nf3 Nf6 3. g3 Bg4 4. Bg2 Nbd7 5. O-O e6 6. d3 h6 7. Re1 Be7 8. h3
Bh5 9. e4 dxe4 10. dxe4 O-O 11. Bd2 Ne5 12. g4 Nexg4 13. hxg4 Nxg4 14. Bf4 Bc5
15. Re2 Bxf2+ 16. Rxf2 Nxf2 17. Kxf2 Qf6 18. Bg3 Rad8 19. Qe1 c6 20. Qe3 a6 21.
Rh1 Rd2+ 22. Qxd2 Bg6 23. Be5 Qe7 24. Bxg7 Kxg7 25. Qxh6+ Kf6 26. e5+ Kf5 27.
Bh3# 1-0

[Event "OS INCLIVEIS"]
[Site "http://www.queenalice.com/game.php?id=1485428"]
[Date "2017.7.9"]
[Round "-"]
[White "adelio"]
[Black "josedesouza"]
[Result "0-1"]
[WhiteElo "1302"]
[BlackElo "1828"]

1. d4 d5 2. e4 dxe4 3. Nc3 Nf6 4. f3 exf3 5. Nxf3 e6 6. Be2 Bd6 7. Ne5 O-O 8. h4
Bxe5 9. dxe5 Qxd1+ 10. Bxd1 Nd5 11. h5 Nxc3 12. bxc3 Nd7 13. Bf4 b6 14. Bf3 Rb8
15. g4 Bb7 16. Rh3 Nc5 17. O-O-O Na4 18. Bxb7 Rxb7 19. Rd7 Nc5 20. Rd4 Rbb8 21.
g5 b5 22. g6 h6 23. Rg3 fxg6 24. Rxg6 Kh7 25. Be3 Rf1+ 26. Kd2 Rh1 27. Rdg4 Rh2+
0-1

[Event "OS INCLIVEIS"]
[Site "http://www.queenalice.com/game.php?id=1485429"]
[Date "2017.7.9"]
[Round "-"]
[White "josedesouza"]
[Black "adelio"]
[Result "1-0"]
[WhiteElo "1830"]
[BlackElo "1300"]

1. d4 d5 2. Nf3 e6 3. e3 Be7 4. Be2 Nd7 5. O-O Nf8 6. Nbd2 Ng6 7. c3 Nh4 8. Ne5
f6 9. Qa4+ Bd7 10. Nxd7 Qxd7 11. Qb3 c6 12. a3 Nh6 13. c4 N6f5 14. c5 e5 15.
dxe5 Nxg2 16. Bh5+ g6 17. Bg4 h5 18. Bh3 fxe5 19. Bxg2 e4 20. Qc2 Rg8 21. Rd1
Qe6 22. b4 h4 23. Bh3 Qe5 24. Bb2 d4 25. Nxe4 1-0

[Event "AUTO-ADV-3998"]
[Site "http://www.queenalice.com/game.php?id=1522077"]
[Date "2018.4.2"]
[Round "1"]
[White "josedesouza"]
[Black "Vilnius"]
[Result "0-1"]
[WhiteElo "1708"]
[BlackElo "2106"]

1. d4 d5 2. Nf3 Nc6 3. e3 a6 4. Be2 Bf5 5. O-O e6 6. a3 Qd6 7. Nbd2 Nf6 8. c3 e5
9. b4 e4 10. Ne5 Nxe5 11. dxe5 Qxe5 12. Bb2 Bd6 13. g3 Bh3 14. Re1 h5 15. Rb1 g5
16. Bf1 Bxf1 17. Nxf1 g4 18. c4 Qf5 19. cxd5 h4 20. Bd4 Rh5 21. Qa4+ b5 22. Qc2
Nxd5 23. Qc6+ Ke7 24. Qxa8 Qf3 25. Nd2 Qf5 26. Rf1 Qh7 27. Kg2 hxg3 28. Rh1
Rxh2+ 29. Kf1 Rxh1+ 30. Ke2 Rxb1 31. Qxd5 Rg1 32. Nf1 f5 33. Nxg3 Bxg3 34. Bc5+
Bd6 35. Bxd6+ Kf6 36. Qe5+ Kg6 37. Qe6+ Kh5 38. Bg3 Qg6 39. Qe5 Qf7 40. Qh8+ Kg6
41. Qb2 Qc4+ 42. Kd2 Qd3# 0-1

[Event "AUTO-ADV-3998"]
[Site "http://www.queenalice.com/game.php?id=1522078"]
[Date "2018.4.2"]
[Round "1"]
[White "Vilnius"]
[Black "josedesouza"]
[Result "1-0"]
[WhiteElo "2105"]
[BlackElo "1710"]

1. e4 e5 2. Nf3 d6 3. Bc4 Bg4 4. h3 Bh5 5. O-O Nf6 6. Nc3 a6 7. d3 Nbd7 8. Bg5
c6 9. a4 c5 10. Nd5 Qc8 11. Qd2 Bxf3 12. gxf3 g6 13. Nxf6+ Nxf6 14. Bxf6 Rg8 15.
Kh2 Qc7 16. Rg1 a5 17. f4 Bg7 18. Bxg7 Rxg7 19. fxe5 b6 20. Bd5 Rb8 21. Raf1
dxe5 22. f4 Kf8 23. f5 Rg8 24. Qh6+ Ke8 25. fxg6 Rxg6 26. Qxh7 Rc8 27. Qxf7+
Qxf7 28. Bxf7+ Kd7 29. Bxg6 Kc7 30. Bh7 Re8 31. Rf7+ Kd8 32. Rg8 Rxg8 33. Bxg8
c4 34. Kg3 cxd3 35. cxd3 Kc8 36. h4 Kd8 37. h5 Ke8 38. h6 Kd8 39. h7 Ke8 40.
h8=Q b5 41. Qxe5+ Kd8 42. Qb8# 1-0

[Event "AUTO-ADV-4241"]
[Site "http://www.queenalice.com/game.php?id=1585253"]
[Date "2019.10.1"]
[Round "1"]
[White "Jsc"]
[Black "josedesouza"]
[Result "1-0"]
[WhiteElo "1932"]
[BlackElo "1706"]

1. e4 e5 2. Nf3 d6 3. Bc4 Bg4 4. c3 Bxf3 5. Qxf3 Nf6 6. d4 Nbd7 7. O-O g6 8. Bg5
Bg7 9. d5 a6 10. Bb3 O-O 11. Nd2 b5 12. a4 Qb8 13. a5 Re8 14. Rfc1 Nf8 15. Bxf6
Nd7 16. Bg5 Nc5 17. Bc2 Nd7 18. h4 Rf8 19. h5 h6 20. Be3 Qc8 21. Qg3 g5 22. Qg4
Nc5 23. Qxc8 Raxc8 24. b4 Nd7 25. g3 Nf6 26. Bd3 1-0

[Event "AUTO-ADV-4241"]
[Site "http://www.queenalice.com/game.php?id=1585254"]
[Date "2019.10.1"]
[Round "1"]
[White "josedesouza"]
[Black "Jsc"]
[Result "0-1"]
[WhiteElo "1667"]
[BlackElo "1955"]

1. d4 d5 2. Nf3 e6 3. e3 c5 4. c3 Nc6 5. a3 Bd7 6. Be2 c4 7. O-O Na5 8. Nbd2 Bc6
9. Ne5 Bd6 10. b4 cxb3 11. Nxb3 Ba4 12. Bb5+ Bxb5 13. Re1 Bxe5 14. dxe5 Nxb3 15.
Qxb3 Bc6 16. Bb2 Qg5 17. Qc2 Qxe5 18. h3 Ne7 19. c4 Qg5 20. f4 Qg6 21. Qd2 dxc4
22. Re2 Rd8 23. Qc3 Bb5 24. Qxg7 Qxg7 25. Bxg7 Rg8 26. Bc3 Rd3 27. Bb4 Nd5 28.
Bc5 b6 29. Bd4 Ba4 30. Be5 c3 31. Rc1 c2 0-1

[Event "AUTO-ADV-4241"]
[Site "http://www.queenalice.com/game.php?id=1585269"]
[Date "2019.10.1"]
[Round "1"]
[White "Daniel1962"]
[Black "josedesouza"]
[Result "1-0"]
[WhiteElo "1820"]
[BlackElo "1647"]

1. e4 e5 2. Bc4 d6 3. Nf3 Bg4 4. d4 Bxf3 5. Qxf3 Nf6 6. Bg5 Nbd7 7. dxe5 Nxe5 8.
Bd5 Nxf3+ 9. gxf3 c6 10. Bc4 Qa5+ 11. Bd2 Qc7 12. Nc3 a6 13. Bg5 Be7 14. h4 O-O
15. h5 Qa5 16. Bd2 Qd8 17. f4 d5 18. exd5 cxd5 19. Be2 h6 20. O-O-O Qc8 21. Na4
Qc7 22. Bf3 Rad8 23. Rhg1 1-0

[Event "AUTO-ADV-4241"]
[Site "http://www.queenalice.com/game.php?id=1585270"]
[Date "2019.10.1"]
[Round "1"]
[White "josedesouza"]
[Black "Daniel1962"]
[Result "0-1"]
[WhiteElo "1657"]
[BlackElo "1810"]

1. d4 d5 2. Nf3 Nf6 3. e3 Bf5 4. Nbd2 c6 5. Be2 Ne4 6. O-O e6 7. c3 Bd6 8. a3
Bg4 9. b4 Nxc3 10. Qc2 Nxe2+ 11. Kh1 Bxf3 12. Nxf3 Nxc1 13. Raxc1 Nd7 14. e4
dxe4 15. Qxe4 Qb6 16. Ng5 Nf6 17. Qd3 Bf4 18. Rb1 Bxg5 19. f3 Bf4 20. Qe2 Qxd4
21. b5 O-O 22. bxc6 bxc6 0-1

[Event "AUTO-ADV-4241"]
[Site "http://www.queenalice.com/game.php?id=1585279"]
[Date "2019.10.1"]
[Round "1"]
[White "dazzeechain"]
[Black "josedesouza"]
[Result "1-0"]
[WhiteElo "1947"]
[BlackElo "1677"]

1. e4 e5 2. Nf3 d6 3. d4 Ne7 4. dxe5 h6 5. exd6 cxd6 6. Bc4 Bg4 7. h3 Be6 8.
Bxe6 fxe6 9. O-O Nd7 10. Qxd6 b6 11. Nc3 g5 12. Nd4 Qc8 13. Nxe6 Qc6 14. Qxc6
Nxc6 15. Nc7+ Kd8 16. Nxa8 Nb4 17. Bd2 Nc6 18. Nd5 Nce5 19. Bc3 Bg7 20. Rad1 Rg8
21. Nac7 Nf3+ 22. gxf3 1-0

[Event "AUTO-ADV-4241"]
[Site "http://www.queenalice.com/game.php?id=1585280"]
[Date "2019.10.1"]
[Round "1"]
[White "josedesouza"]
[Black "dazzeechain"]
[Result "0-1"]
[WhiteElo "1683"]
[BlackElo "1941"]

1. d4 d5 2. Nf3 Nc6 3. e3 Bf5 4. Be2 e6 5. O-O Nf6 6. Bd3 Bg6 7. Nbd2 Bxd3 8.
cxd3 Bb4 9. a3 Bd6 10. b4 Nd7 11. Bb2 O-O 12. e4 f5 13. e5 Be7 14. Rb1 a6 15.
Qc2 Rc8 16. Qb3 g5 17. a4 b5 18. Bc3 g4 19. Qd1 gxf3 20. Nxf3 Nb6 21. axb5 axb5
22. Qc1 Na4 0-1

[Event "AUTO-OPEN-4098"]
[Site "http://www.queenalice.com/game.php?id=1585295"]
[Date "2019.10.1"]
[Round "1"]
[White "josedesouza"]
[Black "oevidalr"]
[Result "0-1"]
[WhiteElo "1690"]
[BlackElo "1924"]

1. d4 d5 2. Nf3 Nf6 3. c3 h6 4. Nbd2 Bg4 5. e3 e6 6. Be2 Bxf3 7. Nxf3 Nc6 8. O-O
Bd6 9. a3 O-O 10. b4 a6 11. Bb2 Ne4 12. Qb1 Qf6 13. Qd1 e5 14. dxe5 Nxe5 15. c4
dxc4 16. Bxc4 Nxf3+ 17. Qxf3 Qxf3 18. gxf3 Nd2 0-1

[Event "AUTO-OPEN-4098"]
[Site "http://www.queenalice.com/game.php?id=1585296"]
[Date "2019.10.1"]
[Round "1"]
[White "oevidalr"]
[Black "josedesouza"]
[Result "1-0"]
[WhiteElo "1914"]
[BlackElo "1699"]

1. e4 e5 2. Nf3 d6 3. Nc3 a6 4. Bc4 Bg4 5. h3 Bxf3 6. Qxf3 Nf6 7. Nd5 Nbd7 8.
Nxf6+ Qxf6 9. Qg3 b5 10. Bd5 Rb8 11. Bc6 Be7 12. O-O O-O 13. Bxd7 Qf4 14. Qxf4
Rb6 15. Qf3 d5 16. Bf5 Rf6 17. d3 g6 18. Qg3 Bd6 19. Bg5 1-0

[Event "AUTO-OPEN-4098"]
[Site "http://www.queenalice.com/game.php?id=1585297"]
[Date "2019.10.1"]
[Round "1"]
[White "josedesouza"]
[Black "Scharlatan"]
[Result "0-1"]
[WhiteElo "1692"]
[BlackElo "2143"]

1. d4 f5 2. Nf3 Nf6 3. Nbd2 e6 4. e3 Be7 5. Be2 O-O 6. c3 d6 7. a3 Nc6 8. O-O
Ne4 9. b4 g5 10. Bb2 g4 11. g3 gxf3 12. Bxf3 Ng5 13. Bg2 Bd7 14. d5 Ne5 15. c4
Qe8 0-1

[Event "AUTO-OPEN-4098"]
[Site "http://www.queenalice.com/game.php?id=1585298"]
[Date "2019.10.1"]
[Round "1"]
[White "Scharlatan"]
[Black "josedesouza"]
[Result "1-0"]
[WhiteElo "2088"]
[BlackElo "1659"]

1. Nf3 d5 2. c4 Nf6 3. d4 e6 4. Qc2 Nbd7 5. g3 Bb4+ 6. Bd2 Bxd2+ 7. Nbxd2 O-O 8.
Bg2 c6 9. O-O a6 10. Rfd1 Re8 11. e4 b5 12. e5 bxc4 13. exf6 Nxf6 14. Ne5 Bb7
15. Ndf3 a5 16. Rab1 a4 17. Ng5 g6 18. Ngxf7 1-0

[Event "AUTO-OPEN-4098"]
[Site "http://www.queenalice.com/game.php?id=1585299"]
[Date "2019.10.1"]
[Round "1"]
[White "josedesouza"]
[Black "Jsc"]
[Result "0-1"]
[WhiteElo "1663"]
[BlackElo "1959"]

1. d4 d5 2. Nf3 e6 3. c3 c5 4. e3 Nc6 5. Be2 Bd7 6. Nbd2 Rc8 7. O-O Bd6 8. a3 c4
9. g3 Nge7 10. Nh4 O-O 11. Ndf3 Na5 12. Nd2 Qb6 13. Rb1 Rc7 14. Qe1 Nb3 15. Nhf3
f6 16. Nh4 a5 17. Bf3 a4 18. e4 Bc6 19. e5 fxe5 20. Bg2 e4 21. Nxe4 dxe4 22. Be3
Bd5 23. Bg5 Nf5 24. Bxe4 Bxe4 25. Qxe4 Nd2 26. Qxe6+ Kh8 27. Bxd2 Nxh4 28. Be3
Nf3+ 0-1

[Event "AUTO-OPEN-4098"]
[Site "http://www.queenalice.com/game.php?id=1585300"]
[Date "2019.10.1"]
[Round "1"]
[White "Jsc"]
[Black "josedesouza"]
[Result "1-0"]
[WhiteElo "1950"]
[BlackElo "1672"]

1. e4 e5 2. Nf3 d6 3. Bc4 Bg4 4. c3 Bxf3 5. Qxf3 Nf6 6. d4 Nbd7 7. O-O c6 8. Bg5
g6 9. d5 c5 10. a4 Bg7 11. Nd2 O-O 12. Be2 a6 13. Nc4 a5 14. Nxd6 Qc7 15. Nc4
Rfe8 16. Nd2 Nb6 17. Bxf6 Qd6 18. Bg5 Qd7 19. Bb5 Qc7 20. Bxe8 Rxe8 21. c4 Qd7
22. Qd3 Nc8 23. Nb3 b6 24. Nd2 Qb7 25. g3 Nd6 26. b3 f6 27. Be3 Rd8 28. f4 f5
29. fxe5 1-0